Missing Word: Film Noir Quiz Stats

 Plays Quiz Updated Jun 2, 2018

Challenge
Share
Tweet
Embed
Score 0/20 Timer 03:00
0 Plays Today
Movie Missing Word % Correct
The _______ FalconMaltese
95.7%
Sorry, _____ NumberWrong
93%
Sunset _________Blvd.
91.1%
______ IndemnityDouble
90.2%
Strangers on a _____Train
88.9%
Brute _____Force
83.9%
The Asphalt ______Jungle
77.1%
____ to Be BadBorn
74.9%
The _____ of the HunterNight
59.5%
___ in the HoleAce
59%
Movie Missing Word % Correct
____ and SoulBody
55.7%
____ SierraHigh
51.1%
The _____ ManThird
45.4%
The ____ DahliaBlue
44.9%
_____ of EvilTouch
44.8%
________ My LovelyFarewell
44.3%
711 Ocean _____Drive
43%
Lady in the ____Lake
28.8%
The Lady from ________Shanghai
27.4%
Act of ________Violence
17%

Today's Daily Dose

Missing Word
'F' Pairs

Word Ladder
Mixed Synonyms

On This Day
August 15th II

You're not logged in!

Compare scores with friends on all Sporcle quizzes.
Join for Free
OR
Log In

You Might Also Like...

Show Comments

Extras

Top Quizzes Today


Score Distribution

Your Account Isn't Verified!

In order to create a playlist on Sporcle, you need to verify the email address you used during registration. Go to your Sporcle Settings to finish the process.

Report this User

Report this user for behavior that violates our Community Guidelines.

Details: